Elemens de chimie appliquee a l'agriculture, suivis d'un traite sur la chimie des terres
Saved in:
| Main Author: | |
|---|---|
| Format: | Book |
| Language: | French English |
| Published: |
Paris :
Audin Libraire,
1820.
|
| Subjects: | |
| Tags: |
Add Tag
No Tags, Be the first to tag this record!
|
MARC
| LEADER | 00000nam a2200000 a 4500 | ||
|---|---|---|---|
| 001 | 1/127218 | ||
| 008 | 230906t1820####fr | ||| |||| ||fre|| | ||
| 040 | |a GR-MyUa |b gre |c GR-MyUa |e AACR2 | ||
| 041 | 1 | |a fre |h eng | |
| 082 | 7 | |a 630.24 |2 (23) | |
| 100 | 1 | |a Davy, Humphry, |c Sir, |d 1778-1829. | |
| 245 | 1 | 0 | |a Elemens de chimie appliquee a l'agriculture, suivis d'un traite sur la chimie des terres / |c par Sir Humphry Davy ; traduits litteralement de l'anglais, et augmentes de notes et d'observations pratiques, par M. Marchais de Migneaux. |
| 260 | |a Paris : |b Audin Libraire, |c 1820. | ||
| 300 | |a x-[2]-537-[2-1 αναδιπλ. σ.] σ., [6] : |b εικ. ; |c 18 εκ. | ||
| 500 | |a Avec six planches. | ||
| 650 | 0 | |a Agricultural chemistry | |
| 650 | 0 | |a Forage plants | |
| 852 | |a INST |b SAMOS |c MOR |e 20230906 |h 630.24 DAV |p 005300047800 |q 005300047800 |t BK |y 23 | ||
| 970 | |a Γουβάλα |b Βάσω |z 06-09-2023 | ||